| 000 | 00000nam 2200000za 4500 |
| 001 | 9.688918 |
| 003 | CaOODSP |
| 005 | 20250123123755 |
| 007 | cr ||||||||||| |
| 008 | 150407s2005 onca||||o f|0| 0 eng d |
| 020 | |a0-662-44300-4 |
| 040 | |aCaOODSP|beng |
| 043 | |an-cn--- |
| 086 | 1 |aEn81-9/2005E-PDF |
| 110 | 1 |aCanada. |bEnvironment Canada. |
| 245 | 10|aCanadian protected areas status report |h[electronic resource]. |
| 246 | 1 |iTitle also cited as : |aCanadian protected areas status report 2000-2005 |
| 250 | |a[1st edition]. |
| 260 | |aOttawa : |bEnvironment Canada, |c2006. |
| 300 | |a4, 7, 7, 9, 11, 36 p. : |bill. |
| 500 | |aRunning title. -- Year of publication taken from Environment Canada's web site (viewed April 13, 2011). |
| 500 | |aIncludes: Digitized edition from print [produced by Environment and Climate Change Canada]. |
| 504 | |aIncludes bibliographical references. |
| 590 | |a11-06-Supp|b2011-04-14 |
| 692 | 07|2gccst|aConservation areas |
| 775 | 08|tRapport sur la situation des aires protégées du Canada |w(CaOODSP)9.633338 |
| 794 | |tCanadian protected areas status report 2006-2011 |w(CaOODSP)9.629547 |
| 856 | 40|qPDF|s6.96 MB|uhttps://publications.gc.ca/collections/collection_2018/eccc/En81-9-2005-eng.pdf|zDigitized edition from print in one PDF |
| 856 | 40|qPDF|s369 KB|uhttps://publications.gc.ca/collections/collection_2011/ec/En81-9-2005-1-eng.pdf|zIntroduction |
| 856 | 40|qPDF|s257 KB|uhttps://publications.gc.ca/collections/collection_2011/ec/En81-9-2005-2-eng.pdf|zChapter 1 |
| 856 | 40|qPDF|s301 KB|uhttps://publications.gc.ca/collections/collection_2011/ec/En81-9-2005-3-eng.pdf|zChapter 2 |
| 856 | 40|qPDF|s267 KB|uhttps://publications.gc.ca/collections/collection_2011/ec/En81-9-2005-4-eng.pdf|zChapter 3 |
| 856 | 40|qPDF|s405 KB|uhttps://publications.gc.ca/collections/collection_2011/ec/En81-9-2005-5-eng.pdf|zChapter 4 |
| 856 | 40|qPDF|s2.07 MB|uhttps://publications.gc.ca/collections/collection_2011/ec/En81-9-2005-6-eng.pdf|zChapter 5 |